| LEADER | 00743nam#a2200229#a#4500 | ||
|---|---|---|---|
| 001 | 012548 | ||
| 005 | 20160721151437.0 | ||
| 008 | 961001s1994####ag##################spa#d | ||
| 020 | |a 9505372663 | ||
| 040 | |a AR-beUNQ | ||
| 099 | |a 12-K9 | ||
| 100 | 1 | |a Klein, Miguel Jorge | |
| 245 | 0 | 0 | |a La función de compras : en la empresa para las áreas administrativa y productiva |c Miguel Jorge Klein. |
| 260 | |a Buenos Aires : |b Macchi, |c 1994 | ||
| 300 | |a 155 p. : |b gráficos, tablas | ||
| 650 | 7 | |a EMPRESAS |2 Spines | |
| 650 | 7 | |a GESTION |2 Spines | |
| 650 | 7 | |a COMPRAS |2 Spines | |
| 929 | |a COMPRA |b Macchi |c Exp. 827-0741/96 |d 16,00 |e 19960919 |j 19116 | ||
| 929 | |a COMPRA |b Macchi |c Exp. 827-0741/96 |d 16,00 |e 19960919 |j 19117 | ||
| 942 | |c LIB |n 0 | ||
| 999 | |c 14957 |d 90344 | ||